| 000 | 00904cam a2200265 i 4500 | ||
|---|---|---|---|
| 001 | 24515 | ||
| 003 | Mx-PuUPA | ||
| 005 | 20251022103528.0 | ||
| 008 | 140415s1964 ag gr 001 0 spa d | ||
| 040 |
_aMx-PuUPA _bspa _cMx-PuUPA _dMx-PuUPA _erda |
||
| 041 | 0 | _aspa | |
| 100 | 1 |
_aMeinvielle, Julio, _d1905- _eautor _97427 |
|
| 245 | 1 | 3 |
_aEl comunismo en la revolución anticristiana / _cJulio Meinvielle |
| 250 |
_aSegunda edición / _bcorregida y aumentada |
||
| 264 | 4 |
_aBuenos Aires : _bEdiciones Theoría, _c1964 |
|
| 300 |
_a155 páginas ; _c20 cm |
||
| 336 |
_atexto _2rdacontent _btxt |
||
| 337 |
_asin medio _2rdamedia _bn |
||
| 338 |
_avolumen _2rdacarrier _bnc |
||
| 650 | 4 | _aComunismo e iglesia católica | |
| 942 |
_2ddc _cLI _h335.4382 _iM498 |
||
| 999 |
_c24515 _d24515 |
||